01093nam a22002055i 4500001000700000003000900007005001700016008004100033040003000074100004600104245011900150260007200269300002100341490002600362500007500388830003400463852024800497999001900745952012300764160530ES-MaACL20250524063056.0990723s1846 sp |||| | spa d aCCPB | B bspa cCCPB | B1 aNavarrete, Ramón de, d1818-189798504213aUn marido como hay muchos b: comedia en tres actos / carreglada á la escena española por Ramon de Navarrete. aMadrid : b[Manuel Delgado], c1846 (fImprenta de José Repulles) a59 p. ; c19 cm.1 aGalería dramática aEn port.: Estrenada en el teatro del Príncipe el 14 de mayo de 1846.0 aGalería dramática9186796 aES-MaACLjF-8621(4) z-- Enc. pasta española q-- Falto de la cub. originalz-- Enc. en un vol. facticio formando parte de la col. facticia "Teatro español moderno", vol. 76 z.- Dedicatoria manuscrita del traductor "A su querida mamá" c160530d160530 001040708LIBXIXaATENEOMbATENEOMcSPP2d2008-01-17l0oF-8621(4)p1168086r2023-02-23 00:00:00w2023-02-23yMONANT